| 000 | 01885nam a2200265Ia 4500 | ||
|---|---|---|---|
| 999 |
_c53181 _d53181 |
||
| 001 | 20222 | ||
| 003 | GE_BSU | ||
| 005 | 20200621212201.0 | ||
| 008 | 181216s1948||||ge |||||||||||||| ||geo|| | ||
| 040 | _cGE_BSU | ||
| 041 | _ageo | ||
| 080 | _a811.35'367.3 ჩ-69 | ||
| 100 |
_aჩიქობავა, არნოლდ _91234 |
||
| 245 |
_aერგატიული კონსტრუქციის პრობლემა იბერიულ-კავკასიურ ენებში ტ. 1 : _bნომინატიური და ერგატიული კონსტრუქციის ისტორიული ურთიერთობა ძველი ქართული სალიტერატურო ენის მონაცემთა მიხედვით / _c არნოლდ ჩიქობავა ; რედ. ვლ. ფანჩვიძე. |
||
| 264 |
_aთბილისი : _bსაქ. სსრ მეცნ. აკად. გამ-ბა და სტ., _c1948. |
||
| 300 |
_a149 გვ. ; _c26 სმ. |
||
| 504 | _aბიბლიოგრაფია : ლიტერატურა შენიშვნებში | ||
| 520 | _aთავფურ. პარალ. ქართულ და რუსულ ენებზე. - ტექსტში დასკვნითი დებულებები რუსულ ენაზე. | ||
| 541 | _h3ლ. | ||
| 653 | _aიბერიულ-კავკასიური ენები | ||
| 700 |
_aფანჩვიძე, ვლ. _eრედაქტორი _97792 |
||
| 710 |
_aსაქ. სსრ მეცნიერებათა აკადემია _98053 |
||
| 710 |
_aაკად. ნ. მარის სახელობის ენის ინსტიტუტი _98135 |
||
| 942 |
_cBK _2udc |
||